000 01370nam a22002297a 4500
999 _c99
_d99
003 OSt
005 20190124171817.0
007 ta
008 170918s2012 ag ad||| |||| 00| 0 spa d
040 _cAR-BaISA
082 0 4 _222
_a362.1 Au38
100 1 0 _9208
_aAufiero, Jorge Félix
245 1 0 _aPropuesta para un sistema nacional de salud /
_cJorge Félix Aufiero
250 _a2ª ed.
260 _aBuenos Aires:
_bUniversidad del Salvador,
_c2012
300 _a131 p.:
_bil., graf.
504 _aBibliografía p: 123-131
505 _tSistema de salud en la República Argentina. Situación actual --
_tOrganización del sistema de salud en la Argentina --
_tPropuesta: bases para una reforma del sistema de salud --
_tBases fundamentales de la propuesta --
_tLa reconversión hospitalaria --
_tReflexiones finales --
_tVentajas de este enfoque --
_tCuadros --
_tIntroducción. Aspectos microeconómicos --
_tIntegración vertical --
_tRiesgos de la integración --
_tHacia una forma proactiva de sistemas de salud --
_tSalud --
_tNuestro esquema --
_tEstrategia de gestión --
_tPlan de salud posible --
_tPlaneamiento estratégico --
_tPanorama actual de sistema de salud en EEUU --
_tEl futuro --
_tCuadros
650 1 4 _9209
_aSistema de salud
_xorganización y admninistración
_zArgentina
650 1 4 _9210
_aFinanciamiento de la salud
_zArgentina
942 _2ddc
_cLI